• 首页
  • 本馆介绍
  • 公告通知
  • 最新文献
  • 馆藏检索
  • 电子资源
  • 读者导购
  • 参考咨询
  • 我的图书馆
  • 登录
  • 详细信息显示
  • 放入我的书架
  • 预约/预借图书
  • 作者相关作品
  • 分类相关作品
  • 丛书相关作品
  • 出版社相关作品

书目信息

  • 表格格式
  • 工作单格式
  • 卡片格式
题名:
校园安全与危机处理
    
 
作者: 杨明 , 竭宝峰 编著
分册:  
出版信息: 合肥   安徽人民出版社  2015
页数: 206页
开本: 23cm
丛书名: 最新学校与教育系列丛书
单 册:
中图分类: G474
科图分类:
主题词: 学校管理--xue xiao guan li--安全管理 , 学校--xue xiao--紧急事件--处理
电子资源:
ISBN: 978-7-212-05026-9
000 01003nam 2200289 45
001 012001000770
005 20131024171358.0
010    @a978-7-212-05026-9@dCNY26.80
099    @aCAL 012013010631
100    @a20130117d2012 demy0chiy50 ea
101 0  @achi
102    @aCN@b340000
105    @ay z 000yy
106    @ar
200 1  @a校园安全与危机处理@Axiao yuan an quan yu wei ji chu li@f杨明, 竭宝峰编著
210    @a合肥@c安徽人民出版社@d2015
215    @a206页@d23cm
225 2  @a最新学校与教育系列丛书@Azui xin xue xiao yu jiao yu xi lie cong shu
330    @a本书共分为五章, 主要内容包括: 校园安全与危机处理 ; 校园黄赌毒安全预防与应对 ; 校园饮食卫生安全预防与应对等。
410  0 @12001@a最新学校与教育系列丛书
606 0  @a学校管理@Axue xiao guan li@x安全管理
606 0  @a学校@Axue xiao@x紧急事件@x处理
690    @aG474@v5
701  0 @a杨明@Ayang ming@4编著
701  0 @a竭宝峰@Ajie bao feng@4编著
801  0 @aCN@b江苏凤凰@c20191020
905    @b1221260-3@dG474@e205@f4
    
    校园安全与危机处理/杨明, 竭宝峰编著.-合肥:安徽人民出版社,2015
    206页;23cm.-(最新学校与教育系列丛书)
    
    
    ISBN 978-7-212-05026-9:CNY26.80
    本书共分为五章, 主要内容包括: 校园安全与危机处理 ; 校园黄赌毒安全预防与应对 ; 校园饮食卫生安全预防与应对等。
●
相关链接 在E读中查询图书 在五车中查询图书 在当当中查询图书 在豆瓣中查询图书


正题名:校园安全与危机处理     索取号:G474/205         预约/预借

序号 登录号 条形码 馆藏地/架位号 状态 备注
1 1221260   212212602   第一样本阅览室/ [索取号:G474/205] 在馆    
2 1221261   212212611   教育系资料室/ [索取号:G474/205] 在馆    
3 1221262   212212620   教育系资料室/ [索取号:G474/205] 在馆    
4 1221263   212212639   第四借阅区/ [索取号:G474/205] 在馆    
唐山师范学院图书馆 欢迎您!
大连网信软件有限公司© 版权所有